000 00794nam a2200277 a 4500
999 _c11456
_d11456
001 11456
003 BD-JhCC
005 20220614134022.0
008 190623s20022008i a|||| |||| 001 0 eng d
020 _a9781259062681
020 _a1259062686
035 _a(BD-JhCC)11456
040 _aBD-JhCC
_dBD-JhCC
041 _aeng
082 _a004.65
_bGOD 2008
100 _aGodbole, Achyut
245 _aWeb technologies:
_bTCP/IP, Web/Jaba programming, and Cloud Computing /
_cAchyut Godbole and Atul Kahate
250 _a3rd ed.
260 _aNew Delhi :
_bMc GrawHill,
_c2008.
300 _axvi, 593 p. :
_bill.;
_c23 cm.
504 _aIncludes index.
650 _aTCP/IP (Computer network protocol)
650 _aComputer networks
700 _aKahate, Atul
942 _2ddc
_cBK
_01